Cyclistes par description. #2 - Statistiques

Statistiques générales
  • Ce quiz a été pris 52 fois
  • Le résultat moyen est 11 sur 15
Statistiques - réponses
Descriptions Cyclistes % Correct
Je suis sans doute l'un des coureurs les plus complets de l'histoire de ce sport : Le coureur "total". Je sais tout faire : gagner un sprint massif sur les Champs-Élysées, remporter un contre-la-montre, et tracter mon leader en haute montagne. Un rival colossal pour Van der Poel. Je suis... Wout Van Aert
100%
Mon surnom est "Loulou", ce qui n'a rien à voir avec mon prénom par ailleurs. Le panache à la française. Double champion du monde, je cours avec une fougue spectaculaire. Mon Tour de France 2019, où j'ai porté le maillot jaune pendant 14 jours, a fait vibrer la France entière avant un craquage lors de la 19ème étape. Je suis... Julian Alaphilippe
90%
A une certaine période, j'étais le chouchou du public français. Connu pour mes grimaces, ma langue tirée et mon incroyable résilience pour défendre le maillot jaune (2004 et 2011). Un maître de l'échappée. Je n'ai jamais été favori d'un grand tour mais j'ai réussi à faire douter les meilleurs. Je suis... Thomas Voeckler
84%
Coureur gallois et ancien pistard d'élite (double champion olympique), j'ai réussi une transition parfaite vers la route. Calme et résistant, j'ai remporté le Tour 2018 en étant d'une régularité métronomique. Souvent numéro 2 chez Sky, lors de l'édition de 2018, Froome et la Sky m'ont laissé l'opportunité d'être le leader. Je suis... Geraint Thomas
82%
Venant de Sicile, je suis "Le Requin de Messine". L'un des rares à avoir gagné les trois Grands Tours. Je suis un coureur complet, mais surtout un descendeur hors pair, capable de prendre des risques fous pour basculer une course. Vainqueur du Tour de France 2014 suite aux abandons de Froome et Contador, je suis... Vincenzo Nibali
82%
Je suis le premier et seul Australien sacré sur le Tour (2011). Je suis un ancien vététiste connu pour ma ténacité incroyable et ma capacité à ne jamais lâcher une roue, même quand je semblais à la limite de la rupture. Moins bon que mes concurrents en montagne, je compensais souvent mon retard lors des Contre-la-Montre. Je suis... Cadel Evans
78%
Je suis sans doute un des meilleurs grimpeurs qu'il y ait eu. Mes duels avec Alberto Contador (notamment sur le Tourmalet) sont restés célèbres. Je suis un coureur aérien, mais ayant souvent péché en contre-la-montre. J'ai néanmoins réussi à remporter le Tour de France en 2010. Je suis... Andy Schleck
76%
"Maître Jacques". Je suis le premier à remporter 5 Tours de France. J'étais l'incarnation de l'élégance et de la perfection aérodynamique. Je calculais tout, ne gagnant parfois que du temps nécessaire, préférant la précision froide à l'héroïsme inutile. Bien que supposément moins bon, j'ai souvent battu Raymond Poulidor dans nos duels. Je suis... Jacques Anquetil
76%
"Le Pirate". Le plus grand pur grimpeur de l'histoire moderne. Avec mon bandana et mes attaques foudroyantes dès le pied des cols, je suis le dernier à avoir réalisé le dernier doublé Giro-Tour la même année (1998). Ma carrière et ma fin de vie furent aussi flamboyantes que tragiques... Je suis... Marco Pantani
73%
Avant moi, mon pays ne brillait pas tellement dans ce sport. Je suis le pionnier américain. J'ai révolutionné le cyclisme par la technologie (premier à utiliser un guidon de triathlète) et ai remporté le Tour 1989 pour seulement 8 secondes. Pour l'anecdote, j'ai survécu à un accident de chasse gravissime avant de revenir au sommet. Je suis... Greg Lemond
65%
Je suis sans doute le rival le plus redoutable qu'ait eu à affronter Lance Amstrong. D'un talent pur, une puissance dévastatrice, mais souvent en difficulté avec mon poids durant l'hiver. Je reste par ailleurs le seul Allemand vainqueur du Tour, en 1997. Je suis... Jan Ulrich
65%
La puissance brute. Dans mes meilleures années, j'étais physiquement intouchable sur les 200 derniers mètres, avec une carrure de colosse et une vitesse de pointe effrayante (14 étapes sur le Tour). Sprinteur allemand, je suis... Marcel Kittel
63%
"El Imbatido". Je suis d'une longévité exceptionnelle (pro pendant 20 ans). Un "renard" capable de gagner sur tous les terrains, avec une pointe de vitesse redoutable en haut des bosses (5 Flèche Wallonne), j'ai remporté beaucoup d'étapes dans mon pays notamment lors du tour de Catalogne. Je suis... Alejandro Valverde
61%
J'ai un physique absolument monstrueux, on m'appelle par ailleurs "Le Gorille de Rostock". Je suis un sprinteur d'une force physique impressionnante et d'une grande loyauté. J'ai longtemps été le grand rival (et ancien coéquipier) de Cavendish. Je suis... Andre Greipel
57%
J'étais surnommé "Le Petit Ramoneur". Je suis le tout premier vainqueur de l'histoire du Tour de France en 1903. À l'époque, les étapes faisaient 400 km et se couraient de nuit. Je suis ainsi un pionnier de la souffrance et de l'aventure et à jamais gravé dans l'histoire de la plus prestigieuse course du monde. Je suis... Maurice Garin
33%
Aucun quiz correspondant
Distribution des résultats
% des personnes avec chaque résultat
Percentile par nombre de réponses
Votre historique - résultats
Vous n’avez pas pris ce quiz